[Event "Monarch Assurance Isle of Man 15th"]
[Site "Port Erin IOM"]
[Date "2006.09.25"]
[Round "3.27"]
[White "Grant, Alan"]
[Black "Sriram, Jha"]
[Result "0-1"]
[WhiteElo "2193"]
[BlackElo "2408"]
[PlyCount "68"]
[EventDate "2006.09.23"]
[EventType "swiss"]
[EventRounds "9"]
[EventCountry "IOM"]

1. e4 e5 2. Nf3 Nc6 3. d4 exd4 4. Bc4 Nf6 5. e5 d5 6. Bb5 Ne4 7. Nxd4 Bd7 8.
Bxc6 bxc6 9. O-O Bc5 10. Be3 Qe7 11. f3 Nd6 12. Bf2 Nf5 13. Nxf5 Bxf5 14. Nd2
O-O 15. g4 Bd7 16. f4 f6 17. exf6 Rxf6 18. f5 g6 19. Nf3 gxf5 20. g5 Re6 21.
Kh1 Bxf2 22. Rxf2 Re8 23. Qd4 Re2 24. Raf1 a5 25. Qa7 f4 26. Kg2 Bg4 27. Kh1
Qe4 28. Qc5 Re3 29. Kg2 Qe6 30. Ng1 Qe4+ 31. Nf3 Re2 32. Kg1 Bxf3 33. Rxf3 Rxc2
34. Qxa5 Qd4+ 0-1

[Event "Monarch Assurance Isle of Man 15th"]
[Site "Port Erin IOM"]
[Date "2006.09.25"]
[Round "3.28"]
[White "Mohota, Nisha"]
[Black "Peek, Marcel"]
[Result "1/2-1/2"]
[WhiteElo "2313"]
[BlackElo "2367"]
[PlyCount "59"]
[EventDate "2006.09.23"]
[EventType "swiss"]
[EventRounds "9"]
[EventCountry "IOM"]

1. d4 f5 2. Nf3 Nf6 3. g3 g6 4. Bg2 Bg7 5. O-O O-O 6. c4 d6 7. b3 Ne4 8. Bb2
Nc6 9. Nc3 Nxc3 10. Bxc3 Qe8 11. Qd2 e5 12. dxe5 dxe5 13. Qb2 Qe7 14. Rad1 e4
15. Bxg7 Qxg7 16. Qxg7+ Kxg7 17. Nd4 Nxd4 18. Rxd4 Be6 19. Rfd1 c6 20. f3 exf3
21. exf3 Rfe8 22. f4 Re7 23. Re1 Kf7 24. Kf2 Rd7 {(=)} 25. Red1 Rxd4 26. Rxd4
Ke7 27. Ke3 c5 28. Rd3 Rb8 29. Bd5 Bxd5 30. Rxd5 1/2-1/2

[Event "Monarch Assurance Isle of Man 15th"]
[Site "Port Erin IOM"]
[Date "2006.09.25"]
[Round "3.29"]
[White "Meenakshi, S1."]
[Black "Sahl, Bjarke"]
[Result "1-0"]
[WhiteElo "2310"]
[BlackElo "2364"]
[PlyCount "67"]
[EventDate "2006.09.23"]
[EventType "swiss"]
[EventRounds "9"]
[EventCountry "IOM"]

1. d4 Nf6 2. c4 e6 3. Nf3 c5 4. g3 cxd4 5. Nxd4 d5 6. cxd5 Qxd5 7. Nf3 Qxd1+ 8.
Kxd1 Bc5 9. e3 Nc6 10. a3 e5 11. b4 Bg4 12. Be2 e4 13. Nfd2 Bd6 14. Bxg4 Nxg4
15. Nxe4 Be5 16. Ra2 f5 17. Nc5 O-O-O+ 18. Ke2 Rhe8 19. Nd2 a5 20. Nc4 Bd4 21.
Kf3 b5 22. Nxa5 Nxa5 23. exd4 Nc6 24. Nb3 Nxd4+ 25. Nxd4 Rxd4 26. Rc2+ Kd7 27.
Bf4 Ne5+ 28. Bxe5 Rxe5 29. Rhc1 Ree4 30. Rc7+ Kd8 31. Rxg7 Rd3+ 32. Kg2 f4 33.
Rc5 f3+ 34. Kh3 1-0

[Event "Monarch Assurance Isle of Man 15th"]
[Site "Port Erin IOM"]
[Date "2006.09.25"]
[Round "3.30"]
[White "Walton, Alan J"]
[Black "Vijayalakshmi, Subbaraman"]
[Result "0-1"]
[WhiteElo "2222"]
[BlackElo "2417"]
[PlyCount "32"]
[EventDate "2006.09.23"]
[EventType "swiss"]
[EventRounds "9"]
[EventCountry "IOM"]

1. d4 Nf6 2. Bg5 e6 3. e4 h6 4. Bxf6 Qxf6 5. Nc3 d6 6. Bc4 g6 7. Nge2 Bg7 8.
O-O O-O 9. f4 Nc6 10. e5 Qd8 11. a3 Ne7 12. Ng3 c5 13. Nb5 d5 14. Be2 a6 15.
Nd6 cxd4 16. Qxd4 Qxd6 0-1

[Event "Monarch Assurance Isle of Man 15th"]
[Site "Port Erin IOM"]
[Date "2006.09.25"]
[Round "3.31"]
[White "Groffen, Hans"]
[Black "Roy Chowdhury, Saptarshi"]
[Result "0-1"]
[WhiteElo "2171"]
[BlackElo "2394"]
[PlyCount "74"]
[EventDate "2006.09.23"]
[EventType "swiss"]
[EventRounds "9"]
[EventCountry "IOM"]

1. d4 e6 2. c4 b6 3. Nf3 Bb7 4. g3 Bxf3 5. exf3 Nf6 6. Bg2 Bb4+ 7. Nd2 Nc6 8.
a3 Be7 9. Nb3 d5 10. f4 O-O 11. Be3 Rc8 12. Rc1 Nb8 13. Qe2 Qd7 14. O-O c6 15.
Rfd1 Rfd8 16. Nd2 Qb7 17. Nf3 Ne4 18. Ng5 Nd6 19. cxd5 cxd5 20. Bd2 h6 21. Nf3
Nc6 22. Bc3 Rc7 23. Ne5 Rdc8 24. Rc2 Bf6 25. Rdc1 Nf5 26. Qd3 Ncxd4 27. Bxd4
Rxc2 28. Rxc2 Rxc2 29. Qxc2 Nxd4 30. Qa4 Bxe5 31. Qe8+ Kh7 32. fxe5 Qc7 33. h4
h5 34. Kh2 Kg6 35. f4 Qc2 36. Qe7 Nf3+ 37. Kh3 Qf5+ 0-1

[Event "Monarch Assurance Isle of Man 15th"]
[Site "Port Erin IOM"]
[Date "2006.09.25"]
[Round "3.32"]
[White "Hutchinson, Norman A"]
[Black "Devereaux, Max"]
[Result "1/2-1/2"]
[WhiteElo "2107"]
[BlackElo "2377"]
[PlyCount "86"]
[EventDate "2006.09.23"]
[EventType "swiss"]
[EventRounds "9"]
[EventCountry "IOM"]

1. e4 e5 2. Nf3 Nc6 3. Bb5 a6 4. Ba4 Nf6 5. O-O Be7 6. Bxc6 dxc6 7. d3 Nd7 8.
b3 f6 9. Nbd2 Nf8 10. Nc4 b6 11. d4 exd4 12. Nxd4 c5 13. Nc6 Qxd1 14. Rxd1 Bd7
15. Nxe7 Kxe7 16. Bf4 Ne6 17. Bg3 Bc6 18. f3 Rad8 19. Ne3 Rxd1+ 20. Rxd1 Rd8
21. Kf2 {(=)} Rxd1 22. Nxd1 a5 23. Nc3 Kd7 24. Ke3 Nd4 25. Kd3 Bb7 26. Ne2 Nc6
27. a4 Nb4+ 28. Kd2 g5 29. Bf2 Nc6 30. Ng3 Ne5 31. Nh5 Ke6 32. h3 c4 33. Ng7+
Kf7 34. Nf5 cxb3 35. cxb3 Ba6 36. Ne3 c6 37. Bg3 Ke6 38. Ng4 Nd7 39. Bc7 h5 40.
Ne3 h4 41. Nf5 Bf1 42. Ne3 Ba6 43. Nf5 Bf1 1/2-1/2

[Event "Monarch Assurance Isle of Man 15th"]
[Site "Port Erin IOM"]
[Date "2006.09.25"]
[Round "3.33"]
[White "Zimmerman, Yuri"]
[Black "Fraser-Mitchell, Jeremy"]
[Result "1-0"]
[WhiteElo "2374"]
[BlackElo "2077"]
[PlyCount "89"]
[EventDate "2006.09.23"]
[EventType "swiss"]
[EventRounds "9"]
[EventCountry "IOM"]

1. d4 f5 2. g3 Nf6 3. Bg2 g6 4. Nh3 Bg7 5. Nf4 Nc6 6. h4 e5 7. dxe5 Nxe5 8. Nc3
c6 9. h5 d5 10. h6 Bf8 11. Qd4 Bd6 12. Nd3 Qe7 13. Bf4 Nf7 14. O-O-O Be6 15.
Bxd6 Nxd6 16. f3 O-O 17. Nf4 Nc4 18. Nxe6 Qxe6 19. e4 dxe4 20. fxe4 Rfd8 21.
exf5 Rxd4 22. fxe6 Rxd1+ 23. Nxd1 Re8 24. Re1 Re7 25. Nf2 Nd6 26. g4 Nfe8 27.
Nh3 Nc7 28. Ng5 Nde8 29. c4 Nf6 30. Bf3 Kf8 31. b4 Ng8 32. Rf1 Nxh6 33. Bxc6+
Kg7 34. Bxb7 Nxg4 35. Rd1 Ne5 36. c5 Nxe6 37. Nxe6+ Rxe6 38. Bd5 Re7 39. c6 h5
40. Kd2 g5 41. Re1 Kf6 42. Rf1+ Kg6 43. Be4+ Kg7 44. Rf5 Nc4+ 45. Kd3 1-0

[Event "Monarch Assurance Isle of Man 15th"]
[Site "Port Erin IOM"]
[Date "2006.09.25"]
[Round "3.34"]
[White "Sharma, Dinesh K"]
[Black "Savory, Richard J"]
[Result "1-0"]
[WhiteElo "2358"]
[BlackElo "2101"]
[PlyCount "33"]
[EventDate "2006.09.23"]
[EventType "swiss"]
[EventRounds "9"]
[EventCountry "IOM"]

1. e4 c5 2. Nf3 d6 3. d4 cxd4 4. Nxd4 Nf6 5. Nc3 a6 6. Bc4 e6 7. Bb3 b5 8. O-O
Be7 9. Qf3 Qc7 10. Qg3 Nc6 11. Nxc6 Qxc6 12. Re1 Bd7 13. a3 O-O 14. Bh6 Nh5 15.
Qg4 Qc5 16. e5 dxe5 17. Be3 1-0

[Event "Monarch Assurance Isle of Man 15th"]
[Site "Port Erin IOM"]
[Date "2006.09.25"]
[Round "3.35"]
[White "Mannion, Stephen"]
[Black "Ormsby, Alan"]
[Result "1-0"]
[WhiteElo "2346"]
[BlackElo "1939"]
[PlyCount "43"]
[EventDate "2006.09.23"]
[EventType "swiss"]
[EventRounds "9"]
[EventCountry "IOM"]

1. e4 c5 2. Nf3 d6 3. d4 cxd4 4. Nxd4 Nf6 5. Nc3 a6 6. f4 e6 7. Qf3 Nbd7 8. Be3
Qc7 9. g4 h6 10. h4 e5 11. Nf5 g6 12. Ng3 exf4 13. Bxf4 Bg7 14. g5 hxg5 15.
hxg5 Rxh1 16. Nxh1 Nh5 17. Nd5 Qc6 18. O-O-O Ne5 19. Bxe5 Bxe5 20. Nf2 Be6 21.
Nd3 O-O-O 22. Ne7+ 1-0

[Event "Monarch Assurance Isle of Man 15th"]
[Site "Port Erin IOM"]
[Date "2006.09.25"]
[Round "3.36"]
[White "Cafolla, Peter"]
[Black "Sarakauskiene, Zivile"]
[Result "0-1"]
[WhiteElo "2062"]
[BlackElo "2158"]
[PlyCount "78"]
[EventDate "2006.09.23"]
[EventType "swiss"]
[EventRounds "9"]
[EventCountry "IOM"]

1. d4 d5 2. c4 dxc4 3. e4 e5 4. Nf3 exd4 5. Nxd4 Nf6 6. Nc3 Bc5 7. Be3 O-O 8.
f3 Bxd4 9. Qxd4 Be6 10. Qxd8 Rxd8 11. Nb5 Na6 12. a3 Nd7 13. Be2 Ne5 14. O-O
Nd3 15. Nd4 Nac5 16. Rab1 a6 17. b4 cxb3 18. Bxd3 Nxd3 19. Nxe6 fxe6 20. Rxb3
b5 21. Rd1 Ne5 22. Rxd8+ Rxd8 23. Bf4 Nc4 24. Bxc7 Rd1+ 25. Kf2 Ra1 26. Rd3
Rxa3 27. Rd7 b4 28. Rd4 Rc3 29. Rd8+ Kf7 30. Rb8 b3 31. Rb7 Kg6 32. f4 a5 33.
g4 h5 34. f5+ exf5 35. gxf5+ Kg5 36. Bd8+ Kf4 37. Rxg7 Rc2+ 38. Ke1 b2 39. Bg5+
Kf3 0-1

[Event "Monarch Assurance Isle of Man 15th"]
[Site "Port Erin IOM"]
[Date "2006.09.25"]
[Round "3.37"]
[White "De Lagontrie, Jean"]
[Black "Fox, Anthony"]
[Result "1/2-1/2"]
[WhiteElo "1974"]
[BlackElo "2117"]
[PlyCount "50"]
[EventDate "2006.09.23"]
[EventType "swiss"]
[EventRounds "9"]
[EventCountry "IOM"]

1. d4 d5 2. c4 e6 3. Nc3 Be7 4. Nf3 Nf6 5. cxd5 exd5 6. Bg5 c6 7. Qc2 g6 8.
Bxf6 Bxf6 9. e4 dxe4 10. Qxe4+ Qe7 11. Bc4 Bf5 12. Qxe7+ Kxe7 13. O-O Rd8 14.
Rfe1+ Kf8 15. Rad1 Nd7 16. h3 h5 17. Ne4 Bxe4 18. Rxe4 Nb6 19. Bb3 Nd5 20. g3
Rd6 21. Ne5 Rad8 22. Nc4 R6d7 23. Ne5 Rd6 24. Nc4 R6d7 25. Ne5 Rd6 1/2-1/2

[Event "Monarch Assurance Isle of Man 15th"]
[Site "Port Erin IOM"]
[Date "2006.09.25"]
[Round "3.38"]
[White "Henrichsen, Jens"]
[Black "Henderikse, Bert"]
[Result "1/2-1/2"]
[WhiteElo "2106"]
[BlackElo "2019"]
[PlyCount "85"]
[EventDate "2006.09.23"]
[EventType "swiss"]
[EventRounds "9"]
[EventCountry "IOM"]

1. d4 Nf6 2. c4 g6 3. Nc3 Bg7 4. e4 d6 5. Be2 O-O 6. Nf3 Bg4 7. Be3 Nc6 8. Qd2
Re8 9. h3 Bxf3 10. Bxf3 e5 11. d5 Nd4 12. Bd1 c6 13. dxc6 bxc6 14. O-O d5 15.
cxd5 cxd5 16. exd5 Nxd5 17. Bxd4 exd4 18. Nxd5 Qxd5 19. Bf3 Qb5 20. Bxa8 Rxa8
21. a4 Qf5 22. Rfd1 Be5 23. Ra3 Rc8 24. Rf3 Qd7 25. b3 Qc7 26. b4 Qc4 27. Rb1
Kg7 28. g3 Qc6 29. Ra3 Qe6 30. Re1 Qf5 31. Raa1 Rc2 32. Rxe5 Rxd2 33. Rxf5 gxf5
34. Rb1 Ra2 35. a5 Ra4 36. Kg2 Kf6 37. Kf3 Ke5 38. Ke2 a6 39. b5 axb5 40. Rxb5+
Ke6 41. Rb6+ Ke7 42. a6 Ra2+ 43. Kd3 1/2-1/2

[Event "Monarch Assurance Isle of Man 15th"]
[Site "Port Erin IOM"]
[Date "2006.09.25"]
[Round "3.39"]
[White "Nicholson, John"]
[Black "Fairbairn, Stephen"]
[Result "0-1"]
[WhiteElo "1945"]
[BlackElo "2088"]
[PlyCount "88"]
[EventDate "2006.09.23"]
[EventType "swiss"]
[EventRounds "9"]
[EventCountry "IOM"]

1. e4 g6 2. Nc3 d6 3. f4 Bg7 4. Nf3 a6 5. d4 b5 6. Bd3 Nd7 7. a4 b4 8. Ne2 Bb7
9. O-O c5 10. c3 bxc3 11. bxc3 cxd4 12. cxd4 Nc5 13. Rb1 Nxd3 14. Qxd3 Bc6 15.
Nc3 Nh6 16. Be3 O-O 17. h3 Kh8 18. f5 d5 19. Bxh6 Bxh6 20. Ne5 dxe4 21. Nxe4
Bd5 22. Nc5 Bg7 23. fxg6 hxg6 24. Ncd7 Bxe5 25. Nxf8 Bg7 26. Nxg6+ fxg6 27.
Qxg6 Qd6 28. Qh5+ Kg8 29. Rbe1 Rf8 30. Rxf8+ Kxf8 31. Rf1+ Bf6 32. Rf5 {(=)}
Bf7 33. Qh6+ Ke8 34. Qc1 Qxd4+ 35. Kh1 Be6 36. Rf4 Qd5 37. Rb4 Bxh3 38. Qc2 Bf5
39. Qe2 Bg6 40. Rb6 Qg5 41. Rb8+ Kf7 42. Rb4 Kg7 43. Rg4 Qh5+ 44. Kg1 Bd4+ 0-1

[Event "Monarch Assurance Isle of Man 15th"]
[Site "Port Erin IOM"]
[Date "2006.09.25"]
[Round "3.40"]
[White "Lunn, Timothy"]
[Black "Marks, Ian A"]
[Result "1-0"]
[WhiteElo "2079"]
[BlackElo "1944"]
[PlyCount "29"]
[EventDate "2006.09.23"]
[EventType "swiss"]
[EventRounds "9"]
[EventCountry "IOM"]

1. d4 Nf6 2. c4 e6 3. Nc3 Bb4 4. Qc2 d5 5. a3 Bxc3+ 6. Qxc3 Ne4 7. Qc2 c5 8.
dxc5 Nc6 9. e3 e5 10. cxd5 Qxd5 11. Bc4 Qxc5 12. Qxe4 Nd4 13. exd4 Qxc4 14. Qe2
Qxd4 15. Nf3 1-0

[Event "Monarch Assurance Isle of Man 15th"]
[Site "Port Erin IOM"]
[Date "2006.09.25"]
[Round "3.41"]
[White "Spanton, Tim"]
[Black "Fabri, Henrik"]
[Result "0-1"]
[WhiteElo "2075"]
[BlackElo "1940"]
[PlyCount "76"]
[EventDate "2006.09.23"]
[EventType "swiss"]
[EventRounds "9"]
[EventCountry "IOM"]

1. e4 Nf6 2. e5 Nd5 3. d4 d6 4. c4 Nb6 5. exd6 cxd6 6. Nc3 g6 7. Be3 Bg7 8. Be2
Nc6 9. Qd2 O-O 10. h4 h5 11. b3 e5 12. d5 Nd4 13. Nf3 Nf5 14. Rd1 Nd7 15. Bg5
f6 16. Be3 Qe7 17. O-O Nxe3 18. Qxe3 Nc5 19. b4 Na6 20. a3 b6 21. Bd3 Kh7 22.
Qe2 Nc7 23. Ng5+ Kh6 24. Nce4 fxg5 25. hxg5+ Kh7 26. Nf6+ Bxf6 27. Qxh5+ Kg8
28. Bxg6 Bxg5 29. f4 Rxf4 30. Rxf4 exf4 31. Bh7+ Qxh7 32. Qxg5+ Qg7 33. Qd8+
Kh7 34. Qh4+ Kg6 35. Rf1 Qf6 36. Qh2 Qd4+ 37. Kh1 Bf5 38. Rxf4 Qa1+ 0-1

[Event "Monarch Assurance Isle of Man 15th"]
[Site "Port Erin IOM"]
[Date "2006.09.26"]
[Round "4.1"]
[White "Malakhatko, Vadim"]
[Black "Bartel, Mateusz"]
[Result "0-1"]
[WhiteElo "2594"]
[BlackElo "2561"]
[PlyCount "80"]
[EventDate "2006.09.23"]
[EventType "swiss"]
[EventRounds "9"]
[EventCountry "IOM"]

1. d4 f5 2. Nc3 d5 3. Bf4 a6 4. e3 Nf6 5. Bd3 e6 6. Nce2 c5 7. c4 dxc4 8. Bxc4
b5 9. Bb3 c4 10. Bc2 Bb4+ 11. Nc3 Bb7 12. f3 Nd5 13. Qd2 Nxf4 14. exf4 O-O 15.
Qe3 Ba5 16. O-O-O Re8 17. Nge2 Nd7 18. g4 b4 19. Na4 fxg4 20. Be4 Bd5 21. fxg4
Nf6 22. Bf3 Bxf3 23. Qxf3 Qd5 24. Rhf1 c3 25. b3 Bc7 26. h3 Ne4 27. Qd3 Nd2 28.
Naxc3 bxc3 29. Nxc3 Nxb3+ 30. axb3 Qxb3 31. Qc2 Qa3+ 32. Qb2 Qa5 33. Rd3 Rec8
34. Kc2 Bd6 35. Qb3 Rab8 36. Qxe6+ Kh8 37. Qxd6 Qa2+ 38. Kd1 Qg2 39. Rff3 Qh1+
40. Kd2 Rb2+ 0-1

[Event "Monarch Assurance Isle of Man 15th"]
[Site "Port Erin IOM"]
[Date "2006.09.26"]
[Round "4.2"]
[White "Ikonnikov, Vyacheslav"]
[Black "Akopian, Vladimir"]
[Result "1/2-1/2"]
[WhiteElo "2587"]
[BlackElo "2713"]
[PlyCount "60"]
[EventDate "2006.09.23"]
[EventType "swiss"]
[EventRounds "9"]
[EventCountry "IOM"]

1. d4 d5 2. Nf3 Nf6 3. c4 c6 4. Nc3 dxc4 5. a4 Bf5 6. e3 e6 7. Bxc4 Bb4 8. O-O
Nbd7 9. Nh4 Bg6 10. Be2 a5 11. g3 O-O 12. Nxg6 hxg6 13. Bf3 e5 14. Qb3 Qb6 15.
Rd1 Rfe8 16. Na2 exd4 17. exd4 Bf8 18. Qxb6 Nxb6 19. b3 Nbd5 20. Bd2 Ne4 21.
Be1 g5 22. Rac1 f5 23. Nc3 Nexc3 24. Bxc3 Red8 25. h3 Kf7 26. Bd2 Be7 27. Re1
g6 28. Re5 Rd7 29. Bxd5+ cxd5 30. Re3 Bd6 1/2-1/2

[Event "Monarch Assurance Isle of Man 15th"]
[Site "Port Erin IOM"]
[Date "2006.09.26"]
[Round "4.3"]
[White "Landa, Konstantin"]
[Black "Korneev, Oleg"]
[Result "1/2-1/2"]
[WhiteElo "2584"]
[BlackElo "2638"]
[PlyCount "24"]
[EventDate "2006.09.23"]
[EventType "swiss"]
[EventRounds "9"]
[EventCountry "IOM"]

1. d4 d5 2. c4 c6 3. Nf3 Nf6 4. e3 Bf5 5. Nc3 e6 6. Bd3 Bxd3 7. Qxd3 Nbd7 8.
O-O Bb4 9. Bd2 a5 10. a3 Be7 11. c5 O-O 12. b4 b6 1/2-1/2

[Event "Monarch Assurance Isle of Man 15th"]
[Site "Port Erin IOM"]
[Date "2006.09.26"]
[Round "4.5"]
[White "Golod, Vitali"]
[Black "Volkov, Sergey1"]
[Result "1/2-1/2"]
[WhiteElo "2576"]
[BlackElo "2628"]
[PlyCount "96"]
[EventDate "2006.09.23"]
[EventType "swiss"]
[EventRounds "9"]
[EventCountry "IOM"]

1. d4 d5 2. c4 c6 3. Nf3 Nf6 4. Nc3 a6 5. c5 Nbd7 6. Bf4 Nh5 7. Bd2 Nhf6 8. Rc1
g6 9. h3 Qc7 10. g3 Bg7 11. Bf4 Qd8 12. Bg2 O-O 13. O-O Nh5 14. Bg5 h6 15. Bd2
f5 16. e3 Qe8 17. Na4 g5 18. Ba5 Nhf6 19. Bc7 Ne4 20. Ne5 Nxe5 21. Nb6 Nc4 22.
Nxa8 Nxb2 23. Qe2 Nc4 24. Nb6 Nxb6 25. cxb6 e5 26. Bxe5 Bxe5 27. dxe5 Qxe5 28.
Rfd1 Be6 29. Qc2 h5 30. Qe2 Qh8 31. Rd4 h4 32. g4 Qe5 33. f3 Nd6 34. f4 gxf4
35. Rxf4 {(=)} fxg4 36. Rxf8+ Kxf8 37. Rf1+ Ke8 38. hxg4 Kd7 39. Qf2 Qg5 40.
Qf4 Qxg4 41. Qxg4 Bxg4 42. Rf4 Bf5 43. Rxh4 Nc4 44. Rh5 Bb1 45. e4 dxe4 46.
Rh7+ Kd6 47. Rxb7 Kc5 48. Bxe4 Bxa2 1/2-1/2

[Event "Monarch Assurance Isle of Man 15th"]
[Site "Port Erin IOM"]
[Date "2006.09.26"]
[Round "4.6"]
[White "Socko, Bartosz"]
[Black "Neverov, Valeriy"]
[Result "1-0"]
[WhiteElo "2621"]
[BlackElo "2556"]
[PlyCount "53"]
[EventDate "2006.09.23"]
[EventType "swiss"]
[EventRounds "9"]
[EventCountry "IOM"]

1. e4 c5 2. Nf3 e6 3. d4 cxd4 4. Nxd4 Nc6 5. Nc3 Qc7 6. Be3 Nf6 7. Be2 Bb4 8.
Ndb5 Qb8 9. a3 Be7 10. f4 d6 11. g4 O-O 12. g5 Ne8 13. Qd2 a6 14. Nd4 Bd7 15.
O-O f6 16. Bc4 Nc7 17. Nf5 b5 18. Ba2 Ne8 19. Nxe7+ Nxe7 20. f5 Qc8 21. gxf6
gxf6 22. Bh6 Rf7 23. Kh1 Kh8 24. Rg1 d5 25. Qg2 d4 26. Nd5 exd5 27. Bxd5 1-0

[Event "Monarch Assurance Isle of Man 15th"]
[Site "Port Erin IOM"]
[Date "2006.09.26"]
[Round "4.7"]
[White "Kazhgaleyev, Murtas"]
[Black "Zatonskih, Anna"]
[Result "1-0"]
[WhiteElo "2606"]
[BlackElo "2432"]
[PlyCount "73"]
[EventDate "2006.09.23"]
[EventType "swiss"]
[EventRounds "9"]
[EventCountry "IOM"]

1. d4 d5 2. c4 c6 3. Nc3 Nf6 4. Nf3 a6 5. c5 Nbd7 6. Bf4 Nh5 7. Bd2 Nhf6 8. h3
g6 9. Bf4 Bg7 10. e3 O-O 11. Bd3 Re8 12. Bh2 Nf8 13. O-O N6d7 14. e4 dxe4 15.
Nxe4 Nf6 16. Nc3 Be6 17. Re1 Nd5 18. Be4 Nf6 19. Bc2 Bh6 20. Bd3 Nd5 21. Ne4
Bf4 22. Neg5 Bxh2+ 23. Kxh2 Qc7+ 24. Kg1 Qf4 25. Re4 Qf6 26. Qd2 Rad8 27. Rae1
Bf5 28. R4e2 h6 29. Ne4 Bxe4 30. Rxe4 Kg7 31. Ne5 Qg5 32. f4 Qg3 33. Rf1 Qh4
34. Re2 Nh7 35. f5 g5 36. Kh2 Ndf6 37. g4 1-0

[Event "Monarch Assurance Isle of Man 15th"]
[Site "Port Erin IOM"]
[Date "2006.09.26"]
[Round "4.8"]
[White "Gormally, Daniel W"]
[Black "Postny, Evgeny"]
[Result "1/2-1/2"]
[WhiteElo "2513"]
[BlackElo "2591"]
[PlyCount "54"]
[EventDate "2006.09.23"]
[EventType "swiss"]
[EventRounds "9"]
[EventCountry "IOM"]

1. d4 d5 2. c4 c6 3. Nf3 Nf6 4. Nc3 a6 5. e3 b5 6. b3 Bg4 7. Be2 e6 8. h3 Bf5
9. O-O Nbd7 10. Bd3 Bb4 11. Bb2 O-O 12. a3 Bd6 13. Qc2 Bxd3 14. Qxd3 Rb8 15.
Ra2 Qe7 16. e4 dxc4 17. bxc4 e5 18. cxb5 axb5 19. Re1 Rfd8 20. d5 Nc5 21. Qe3
cxd5 22. exd5 Qb7 23. Rd1 Re8 24. Ba1 e4 25. Ne1 Qe7 26. Ne2 Nfd7 27. Rc2 Ra8
1/2-1/2

[Event "Monarch Assurance Isle of Man 15th"]
[Site "Port Erin IOM"]
[Date "2006.09.26"]
[Round "4.9"]
[White "Kobalia, Mikhail"]
[Black "Arkell, Keith"]
[Result "1-0"]
[WhiteElo "2647"]
[BlackElo "2479"]
[PlyCount "103"]
[EventDate "2006.09.23"]
[EventType "swiss"]
[EventRounds "9"]
[EventCountry "IOM"]

1. c4 c5 2. Nf3 Nf6 3. Nc3 Nc6 4. d4 cxd4 5. Nxd4 g6 6. e4 d6 7. Be2 Bg7 8. Be3
O-O 9. O-O Nxd4 10. Bxd4 Bd7 11. Qd2 Bc6 12. f3 Nd7 13. Be3 a5 14. b3 Nc5 15.
Rab1 Qb6 16. Rfc1 Rfc8 17. Rc2 Qd8 18. Bf1 Qf8 19. a3 b6 20. Ne2 Rcb8 21. Nd4
Bd7 22. b4 axb4 23. axb4 Ne6 24. Ne2 Ra3 25. Nc3 Ba4 26. Rcc1 Bc6 27. Kh1 f5
28. exf5 Qxf5 29. Nd5 Bxd5 30. cxd5 Nf8 31. Bd4 Bxd4 32. Qxd4 Nd7 33. Re1 Rc8
34. Rxe7 Ne5 35. Re1 Qg5 36. Rb7 Rc1 37. h4 Qh6 38. Rxc1 Qxc1 39. Qf2 Ra1 40.
Kg1 Nc4 41. Rc7 Rb1 42. Rc8+ Kf7 43. f4 h6 44. f5 g5 45. hxg5 hxg5 46. Rc7+ Kf8
47. f6 b5 48. Rc8+ Kf7 49. Qa7+ Kxf6 50. Qd4+ Kf7 51. Rc7+ Kg6 52. Qe4+ 1-0

[Event "Monarch Assurance Isle of Man 15th"]
[Site "Port Erin IOM"]
[Date "2006.09.26"]
[Round "4.10"]
[White "Wells, Peter K"]
[Black "Areshchenko, Alexander"]
[Result "0-1"]
[WhiteElo "2480"]
[BlackElo "2641"]
[PlyCount "66"]
[EventDate "2006.09.23"]
[EventType "swiss"]
[EventRounds "9"]
[EventCountry "IOM"]

1. d4 d5 2. Nf3 Nf6 3. c4 c6 4. Nc3 e6 5. g3 Be7 6. Bg2 O-O 7. O-O b6 8. Ne5
Bb7 9. e4 dxc4 10. Nxc4 Ba6 11. b3 b5 12. Ne3 b4 13. Ne2 Nbd7 14. Bb2 Nb6 15.
Re1 Rc8 16. Nf4 Re8 17. h4 Bb7 18. Ng4 Nbd7 19. d5 cxd5 20. exd5 exd5 21. Bxd5
Bxd5 22. Nxd5 Nxd5 23. Qxd5 Nc5 24. Qf5 Qd3 25. Qf4 h5 26. Nh6+ gxh6 27. Rxe7
Rxe7 28. Qf6 Qh7 29. Qxe7 Nd3 30. Qd7 Ra8 31. Bd4 Qe4 32. Qd6 Ne1 33. Bb2 Qg2#
0-1

[Event "Monarch Assurance Isle of Man 15th"]
[Site "Port Erin IOM"]
[Date "2006.09.26"]
[Round "4.11"]
[White "Efimenko, Zahar"]
[Black "Paehtz, Elisabeth"]
[Result "1/2-1/2"]
[WhiteElo "2632"]
[BlackElo "2456"]
[PlyCount "64"]
[EventDate "2006.09.23"]
[EventType "swiss"]
[EventRounds "9"]
[EventCountry "IOM"]

1. e4 c5 2. Nf3 Nf6 3. Nc3 d5 4. exd5 Nxd5 5. Bb5+ Bd7 6. Ne5 Bxb5 7. Qf3 f6 8.
Nxb5 Na6 9. Qh5+ g6 10. Nxg6 hxg6 11. Qxh8 Qd7 12. Nc3 Qe6+ 13. Kf1 Nab4 14.
Qh3 Qxh3 15. gxh3 Nc7 16. Rb1 Nxc2 17. Rg1 Kf7 18. d3 Rd8 19. Be3 e5 20. Rd1
Ne6 21. Rd2 Nb4 22. Ke2 f5 23. a3 Nc6 24. Rdd1 Ncd4+ 25. Kf1 Nf3 26. Rg3 Nfd4
27. Bg5 Rd6 28. h4 Rb6 29. Rd2 Nb3 30. Rd1 Nbd4 31. Rd2 Nb3 32. Rd1 Nbd4
1/2-1/2

[Event "Monarch Assurance Isle of Man 15th"]
[Site "Port Erin IOM"]
[Date "2006.09.26"]
[Round "4.13"]
[White "Siebrecht, Sebastian"]
[Black "Iordachescu, Viorel"]
[Result "0-1"]
[WhiteElo "2417"]
[BlackElo "2603"]
[PlyCount "64"]
[EventDate "2006.09.23"]
[EventType "swiss"]
[EventRounds "9"]
[EventCountry "IOM"]

1. Nf3 Nf6 2. d4 e6 3. e3 b6 4. Bd3 Bb7 5. Nbd2 c5 6. O-O cxd4 7. exd4 Be7 8.
Ne5 O-O 9. f4 d6 10. Ng4 Nbd7 11. Qe2 Qc7 12. Nxf6+ Nxf6 13. Nf3 Rfe8 14. Bd2
Bf8 15. Rae1 g6 16. Qf2 Bg7 17. Qh4 a6 18. g4 Qc6 19. f5 exf5 20. Rxe8+ Rxe8
21. gxf5 b5 22. Bh6 Qd5 23. b3 Bxh6 24. Qxh6 Re1 25. Rxe1 Qxf3 26. Qg5 Ng4 27.
Re8+ Kg7 28. f6+ Nxf6 29. Re3 Qd1+ 30. Bf1 Qxd4 31. c3 Qa7 32. Kf2 Ne4+ 0-1

[Event "Monarch Assurance Isle of Man 15th"]
[Site "Port Erin IOM"]
[Date "2006.09.26"]
[Round "4.14"]
[White "Sriram, Jha"]
[Black "Khenkin, Igor"]
[Result "0-1"]
[WhiteElo "2408"]
[BlackElo "2586"]
[PlyCount "50"]
[EventDate "2006.09.23"]
[EventType "swiss"]
[EventRounds "9"]
[EventCountry "IOM"]

1. d4 Nf6 2. c4 e6 3. Nc3 Bb4 4. f3 O-O 5. e4 d5 6. cxd5 exd5 7. e5 Nfd7 8. f4
c5 9. Nf3 cxd4 10. Nxd4 Nxe5 11. fxe5 Qh4+ 12. Ke2 Bc5 13. Be3 Bg4+ 14. Nf3 d4
15. Bg1 Bxf3+ 16. Kxf3 Nd7 17. g3 Nxe5+ 18. Kg2 Qf6 19. Na4 Qc6+ 20. Kf2 d3+
21. Nxc5 Qxc5+ 22. Kg2 Qc6+ 23. Kf2 Rac8 24. Bg2 Qf6+ 25. Ke1 Rfe8 0-1